000 00503nam a2200169Ia 4500
999 _c7868
_d7868
003 OSt
005 20200122105533.0
008 190216s9999||||xx |||||||||||||| ||und||
020 _a9788131761083
040 _coclc
082 _a658.4092
_bYUK/L
100 _aYukl, Gary
_91385
245 0 _aLeadership In Organizations /
_cGary Yukl
260 _bDorling Kindersley (india) Pvt. Ltd,
_c2011.
_aNew Delhi:
300 _a644p
942 _cBK
_2ddc
_h658.4092
_iYUK/L
_k658.4092
_mYUK/L